[Event "FIN-ch U20"]
[Site "Valkeakoski"]
[Date "2018.06.09"]
[Round "6"]
[White "Wahlback, Stefan"]
[Black "Kivimaki, Kasper"]
[Result "0-1"]
[WhiteElo "1471"]
[BlackElo "1807"]
[PlyCount "48"]
[EventDate "2018.06.07"]
[EventType "tourn"]
[EventRounds "7"]
[EventCountry "FIN"]
[SourceTitle "EXT 2022"]
[Source "ChessBase"]
[SourceDate "2021.10.06"]
[SourceVersion "1"]
[SourceVersionDate "2021.10.06"]
[SourceQuality "1"]

1. d4 Nf6 2. Nf3 c5 3. e3 cxd4 4. Nxd4 Nc6 5. c4 g6 6. Nc3 Bg7 7. Be2 d6 8. Bf3 Bd7 9. 0-0 0-0 10. Rb1 a6 11. Nc2 Qc7 12. b3 Ne5 13. Nd5 Nxf3+ 14. Qxf3 Nxd5 15. Qxd5 b5 16. Na3 Be6 17. Qd3 bxc4 18. Nxc4 d5 19. Nd2 Bf5 20. e4 dxe4 21. Nxe4 Rfd8 22. Qf3 Qc2 23. Nd2 Rac8 24. Qe3 Qxa2 0-1

[Event "FIN-ch U20"]
[Site "Valkeakoski"]
[Date "2018.06.08"]
[Round "3"]
[White "Wahlback, Stefan"]
[Black "Lindholm, Jere"]
[Result "0-1"]
[WhiteElo "1471"]
[BlackElo "2099"]
[PlyCount "120"]
[EventDate "2018.06.07"]
[EventType "tourn"]
[EventRounds "7"]
[EventCountry "FIN"]
[SourceTitle "EXT 2022"]
[Source "ChessBase"]
[SourceDate "2021.10.06"]
[SourceVersion "1"]
[SourceVersionDate "2021.10.06"]
[SourceQuality "1"]

1. d4 Nf6 2. c4 g6 3. Nf3 Bg7 4. Nc3 d5 5. Bg5 Ne4 6. cxd5 Nxg5 7. Nxg5 e6 8. Nf3 exd5 9. e3 a5 10. Be2 0-0 11. 0-0 c6 12. a4 Re8 13. h3 Qd6 14. Ne1 Bf5 15. Nd3 Nd7 16. Rc1 Bf6 17. Bg4 Bxg4 18. Qxg4 Bd8 19. Rce1 f5 20. Qd1 Bc7 21. f4 Nf6 22. Ne5 Qb4 23. Nd3 Qb6 24. Qc2 Bd6 25. Kf2 Rac8 26. Qd2 Ne4+ 27. Nxe4 dxe4 28. Ne5 Bb4 29. Nc4 Bxd2 30. Nxb6 Bxe1+ 31. Rxe1 Rcd8 32. Nc4 Ra8 33. Re2 Kf8 34. Rc2 Ke7 35. h4 Ke6 36. Ke2 Red8 37. Na3 Ra6 38. Nc4 Rc8 39. Na3 Kd7 40. Kd2 Rc7 41. Nc4 b5 42. Ne5+ Kd6 43. b3 Rb7 44. Kc3 bxa4 45. bxa4 Rb4 46. Ra2 Kd5 47. Nd7 Ra7 48. Nc5 Ra8 49. g3 Rab8 50. Kc2 Rc4+ 51. Kd2 Rb1 52. Nd7 Rcb4 53. Nf6+ Ke6 54. Nxh7 R1b2+ 55. Rxb2 Rxb2+ 56. Kc3 Rb4 57. Nf8+ Kf7 58. Nd7 Rxa4 59. Ne5+ Kf6 60. Nxc6 Ra3+ 0-1

[Event "Helsinki We Garde 9th Group B"]
[Site "Helsinki"]
[Date "2013.09.14"]
[Round "2"]
[White "Wahlback, Stefan"]
[Black "Toivo, Hermanni"]
[Result "0-1"]
[WhiteElo "1226"]
[BlackElo "1603"]
[PlyCount "34"]
[EventDate "2013.09.13"]
[EventType "swiss"]
[EventRounds "5"]
[EventCountry "FIN"]
[SourceTitle "EXT 2022"]
[Source "ChessBase"]
[SourceDate "2021.10.06"]
[SourceVersion "1"]
[SourceVersionDate "2021.10.06"]
[SourceQuality "1"]

1. Nf3 Nf6 2. g3 g6 3. Bg2 Bg7 4. 0-0 c5 5. c4 Nc6 6. Nc3 0-0 7. d4 cxd4 8. Nxd4 Nxd4 9. Qxd4 d6 10. b3 Ng4 11. Qd2 Rb8 12. Bb2 Qa5 13. Rfd1 Bh6 14. e3 Qh5 15. h3 Ne5 16. Kh2 Bxh3 17. Qe2 Bg4+ 0-1

[Event "Helsinki We Garde 9th Group B"]
[Site "Helsinki"]
[Date "2013.09.13"]
[Round "1"]
[White "Kakranen, Aapo"]
[Black "Wahlback, Stefan"]
[Result "1-0"]
[WhiteElo "1798"]
[BlackElo "1226"]
[PlyCount "35"]
[EventDate "2013.09.13"]
[EventType "swiss"]
[EventRounds "5"]
[EventCountry "FIN"]
[SourceTitle "EXT 2022"]
[Source "ChessBase"]
[SourceDate "2021.10.06"]
[SourceVersion "1"]
[SourceVersionDate "2021.10.06"]
[SourceQuality "1"]

1. Nf3 d5 2. g3 Nf6 3. Bg2 g6 4. c4 c6 5. 0-0 Bg7 6. d4 0-0 7. cxd5 cxd5 8. Qb3 Nbd7 9. a4 b6 10. Nc3 Bb7 11. a5 e6 12. Bf4 Ne4 13. Rfc1 Re8 14. a6 Bc8 15. Nb5 Rf8 16. Rc7 f5 17. Nxa7 Rb8 18. Nc6 1-0